000 00570nam a2200205 i 4500
001 19151
003 ES-MaACL
005 20230906152018.0
007 t|
008 020625s1997 it a |||| |dita d
080 _a75 Pitti
100 1 _aFerrari, Carmen.
_950306
245 1 0 _aPitti
_b: gli okki del cuore /
_cCarmen Ferrari.
260 _a[S.l. :
_bs.n.,
_c1997] (
_fF. Tebaldi)
300 _a157 p. :
_bil. col. ;
_c30 cm.
500 _aCronologĂ­a.
504 _aBibliografĂ­a: p. [143-146]
600 1 4 _aPitti (
_d1951-)
_9148929
852 _aES-MaACL
_jL-25579
999 _c19151
_d19151